00675nam a22001937a 4500999001900000005001700019010001500036020002600051035001400077037000900091082001000100100002700110245009100137260004000228270004300268300002400311942002400335952012200359 c194281d19428120221213151756.0 aENG-135844 a9789390961146c595.00 aEN-119376 bDBAD a158.1 aJadeja,Anurita Rathore aSuccess Mantras And Musings:bEdupreneur Manjula Pooja Shroff/cAnurita Rathore Jadeja aNew DelhibVitasta publishingc2022 a2/15,Ansari road, DaryaganjbNew Delhi axii,208p.c22cm(hb) 2ddccENh158.1mJAD 001040708NFICaDIZbDIZd2022-12-13eDBAD/PUBg595.00l0o158.1 JADpEN-119376r2022-12-13 00:00:00t1v595.00yEN